Confesiones (Registro nro. 1915)
[ vista simple ]
| 000 -CABECERA | |
|---|---|
| Longitud fija campo de control | 00780nam a2200253Ia 4500 |
| 005 - • FECHA Y HORA DE LA ÚLTIMA TRANSACCIÓN | |
| Fecha y hora de la última transacción | 20220316235719.0 |
| 008 - • CÓDIGOS DE INFORMACIÓN DE LONGITUD FIJA | |
| Códigos de información de longitud fija | 121119s1978 ita gr 000 0 spa |
| 020 ## - • NÚMERO INTERNACIONAL NORMALIZADO PARA LIBROS | |
| Número Internacional Normalizado para Libros (ISBN) | 8484610853 |
| 041 1# - • CÓDIGO DE LENGUA | |
| Código de lengua del texto/banda sonora o título independiente | spa |
| 082 04 - • NÚMERO DE LA CLASIFICACIÓN DECIMAL DEWEY | |
| Número de clasificación (R) | 922.22 |
| Número del ítem | A38C |
| 040 ## - FUENTE DE LA CATALOGACIÓN | |
| Centro catalogador de origen | CO-BoRNBP |
| Lengua de catalogación | spa |
| Normas de descripción | rda |
| Centro transcriptor | CO-BoRNBP |
| 100 0# - • PUNTO DE ACCESO PRINCIPAL-NOMBRE DE PERSONA | |
| Nombre de persona | Agustín, Santo |
| Fechas asociadas al nombre | 354-430 |
| 245 10 - • TITULO PROPIAMENTE DICHO | |
| Título | Confesiones |
| Mención de responsabilidad, etc. | San Agustin ; traducción, Monserrat Oromi |
| 250 ## - • MENCIÓN DE EDICIÓN | |
| Mención de edición | Primera edición |
| 264 ## - PRODUCCIÓN, PUBLICACIÓN , DISTRIBUCIÓN, FABRICACIÓN Y COPYRIGHT | |
| Lugar de producción, publicación, distribución, fabricación | Roma |
| Nombre del productor, editor, distribuidor, fabricante | FAO |
| Fecha de de producción, publicación, distribución, fabricación o copyright | 1978 |
| 300 ## - • DESCRIPCIÓN FÍSICA | |
| Extensión | 287 páginas |
| Dimensiones | 22 cm |
| 336 ## - TIPO DE CONTENIDO | |
| Término de tipo de contenido | texto |
| Código de tipo de contenido | txt |
| Fuente | rdacontent |
| 337 ## - TIPO DE MEDIO | |
| Nombre del tipo de medio | sin mediación |
| Código del tipo de medio | n |
| Fuente | rdamedia |
| 338 ## - TIPO DE SOPORTE | |
| Nombre del tipo de soporte | volumen |
| Código del tipo de soporte | nc |
| Fuente | rdacarrier |
| 600 14 - • PUNTO DE ACCESO ADICIONAL DE MATERIA - NOMBRE DE PERSONA | |
| Nombre de persona | Agustín, Santo, Obispo de Hipona |
| Subdivisión de materia general (R ) | Biografías |
| 650 14 - • PUNTO DE ACCESO ADICIONAL DE MATERIA - TÉRMINO DE MATERIA | |
| Término de materia o nombre geográfico como elemento inicial | Meditaciones |
| Fuente del encabezamiento o término | LEMB |
| 700 1# - • PUNTO DE ACCESO ADICIONAL - NOMBRE DE PERSONA | |
| Nombre de persona | Oromí, Montserrat |
| Término indicativo de función | traductor |
| 942 ## - ENTRADA DE ELEMENTOS AGREGADOS (KOHA) | |
| Fuente de clasificaión o esquema | Dewey Decimal Classification |
| Koha [por defecto] tipo de item | LIbro |
| Perdido | Fuente de clasificación o esquema | Estado Físico | No para préstamo | Forma de adquisición | Localización permanente | Localización actual | Localización en estanterías | Fecha adquisición | Préstamos totales | Signatura completa | Código de barras | Fecha última consulta | Número de copia | Fecha del precio de reemplazo | Tipo de item de Koha | Número de registro |
|---|---|---|---|---|---|---|---|---|---|---|---|---|---|---|---|---|
| Dewey Decimal Classification | Colección General | Biblioteca Pública Fuentedeoro - Henry Llanos García | Biblioteca Pública Fuentedeoro - Henry Llanos García | General | 05/18/2023 | 922.22 A38c | Fo0000656 | 05/18/2023 | Ej.1 | 05/18/2023 | LIbro | |||||
| Dewey Decimal Classification | Colección General | Biblioteca Pública Lejanias | Biblioteca Pública Lejanias | General | 12/10/2025 | 922.22 A38C | LEJ01561 | 12/10/2025 | Ej.1 | 12/10/2025 | LIbro | |||||
| Dewey Decimal Classification | Colección General | Biblioteca Pública San Carlos de Guaroa - Eduardo Carranza | Biblioteca Pública San Carlos de Guaroa - Eduardo Carranza | General | 07/02/2025 | 922.22 A38c | SG03509 | 07/02/2025 | Ej.1 | 07/02/2025 | LIbro | |||||
| Dewey Decimal Classification | Colección General | Biblioteca Pública Guamal | Biblioteca Pública Guamal | General | 04/18/2023 | 922.22 A38c | GUA003197 | 04/18/2023 | Ej.1 | 04/18/2023 | LIbro | |||||
| Dewey Decimal Classification | Colección General | Biblioteca Pública Puerto Rico | Biblioteca Pública Puerto Rico | General | 04/19/2023 | 922.22 A38c | PR000001008 | 04/19/2023 | Ej.1 | 04/19/2023 | LIbro | |||||
| Dewey Decimal Classification | Colección General | Biblioteca Pública San Juan de Arama - Concepción de Arama | Biblioteca Pública San Juan de Arama - Concepción de Arama | General | 06/23/2023 | 922.22 A38C | SJA00308 | 06/23/2023 | Ej.1 | 06/23/2023 | LIbro | |||||
| Dewey Decimal Classification | Biblioteca Pública Vistahermosa | Biblioteca Pública Vistahermosa | 09/03/2024 | 922.22 | VIST 0001436 | 09/03/2024 | Ej.1 | 09/03/2024 | LIbro | 922.22A38cEj.1 |